000 00334nam a2200145Ia 4500
005 20251222142012.0
008 251222s9999||||xx |||||||||||||| ||spa||
020 _a9972686868
082 _a158.1/L26
100 _aLarrañaga, Ignacio
245 0 _aEl Arte de ser Féliz
250 _a1ra.ed.
264 _b Paulinas
942 _cLIB
999 _c10364
_d10364